| 000 | 00880nam a2200229 a 4500 | ||
|---|---|---|---|
| 001 | 000026876 | ||
| 005 | 20200930030450.0 | ||
| 008 | 110328s1982 dr a 001 0 spa d | ||
| 040 |
_aDO-SdBNP _bspa _cBNPHU |
||
| 082 |
_a331.88 _bT355b, 1982 |
||
| 245 | 0 | 0 | _aTextos básicos para la educación sindical. |
| 250 | _a2ª ed. | ||
| 260 |
_aSanto Domingo : _bSecretaría de Educación Obrera _bUnión General de Trabajadores Dominicanos, _c1982. |
||
| 300 |
_a92 p. : _bil. ; _c26 cm. |
||
| 490 | _aCuadernos U. G. T. D. | ||
| 590 | _aInventariado, 32018/VM | ||
| 650 | 4 |
_aSindicalismo _zRepública Dominicana _xEnseñanza _953988 |
|
| 650 | 4 |
_aSindicatos _zRepública Dominicana _97318 |
|
| 710 | 2 |
_aUnión General de Trabajadores Dominicanos (UGTD). _bSecretaría de Educación Obrera _953989 |
|
| 830 | 0 |
_aCuadernos U. G. T. D. _953990 |
|
| 910 | _aValidado. Control de calidad EMS | ||
| 999 |
_c26368 _d26368 |
||